| 000 | 01661cab a2200385 4500 | ||
|---|---|---|---|
| 001 | ABS67604 | ||
| 008 | 040401n2004 000 0 eng u | ||
| 035 | _a(Sirsi) u125709 | ||
| 100 | _aKivlehan, N. | ||
| 245 | _aLicence and leisure property supplement | ||
| 260 | _c2004 | ||
| 490 |
_aEstates Gazette _v 27 March 2004 (26) (LOAN) |
||
| 520 | _aIn the first article "Casinos", three operators talk about their plans post-modernisation of the gaming industry. "Restaurants" examines whether locating in off-pitch sites makes for successful restaurants. "Profile" looks at the Spirit Group's growing empire before an expected £3bn flotation. "Nightclubs" assesses the impact of late night bars on the profitability of traditional nightclubs. "Health and fitness" asks whether gym operators can overcome tough market conditions to expand. "Hotels" considers if the budget hotel sector is being held back due to a lack of affordable sites. "Future trends" explores what will be the next big trend in the leisure market. The final article "Deals" rounds-up the latest pub, restaurant and hotel deals. | ||
| 590 | _aABS | ||
| 650 | _aLEISURE INDUSTRY | ||
| 650 | _aRESTAURANTS | ||
| 650 | _aHOTEL INDUSTRY | ||
| 650 | _aBUDGET HOTELS | ||
| 650 | _aGYMS | ||
| 650 | _aNIGHTCLUBS | ||
| 650 | _aLATE OPENING | ||
| 650 | _aPUBS | ||
| 650 | _aCASINOS | ||
| 650 | _aGAMING LAWS | ||
| 650 | _aTRENDS | ||
| 650 | _aDEALS | ||
| 690 | _aPROPERTY-COMMERCIAL PROPERTY | ||
| 700 | _aIrvine, R. | ||
| 700 | _aElghamry, N. | ||
| 700 | _aNeale, J. | ||
| 700 | _aMeadwell, S. | ||
| 700 | _aMorrison, A. | ||
| 700 | _aQuinn, D. | ||
| 942 | _n0 | ||
| 999 |
_c74340 _d74340 |
||